000
00285nam a22001337a 4500
008
180803b xxu||||| |||| 00| 0 eng d
082
_a
813.52
245
_a
Economics
_c
BOYES.W
260
_c
2002
300
_a
1
_f
CD
440
_x
9780618054145
760
_b
15 th
942
_2
ddc
_c
MX
999
_c
46788
_d
46788